000 01244nam a2200325 i 4500
003 EG-GICUC
005 20260508172218.0
008 260508s2004 ua |||fr|||| 00| 0 Ara d
040 _a EG-GICUC
_bara
_c EG-GICUC
_d EG-GICUC
_erda
041 0 _aAra
082 0 4 _221
_a343.435
_bا م . إ
092 0 4 _221
099 _aLaw1 10 343.435 ا م . إ 2004
100 0 _aإمام حسانين عطالله
_eمؤلف.
245 1 2 _aالإرهاب والبنيان القانونى الجريمة :
_bدراسة مقارنة /
_cتأليف د / إمام حسانين عطالله.
264 3 _aاسكندرية :
_bدار المطبوعات الجامعية،
_bأبو العزم للطباعة،
_c2004.
300 _a982 ؛صفحة
_c24 سم.
336 _2rda content
_atext
337 _2rda media
_aComputer
338 _2rda carrier
_aOnline Resource
500 _aإهداء من حسن خ
504 _a.916 - 972 ببليوجرافيا: صفحات.
546 _aالنص باللغة العربية
650 1 _aالإرهاب
_2qrmak
650 1 _aالقانون الجنائى
_2qrmak
651 1 _2qrmak
856 4 0 _uhttps://fll.law.cu.edu.eg/fulltext/bks/B10-06624.pdf
905 _a54
942 _2ddc
_cBK
_e21
_n0
999 _c76288
_d76288